|
|
|
|
| LEADER |
00000ny a22000003n 4500 |
| 005 |
20110510135811.0 |
| 008 |
760420c19689999dcuqr0p s i0 0eng |
| 022 |
|
|
|a 0015-1947
|z 0145-1707
|
| 035 |
|
|
|a 2388
|
| 040 |
|
|
|a DLC
|c DLC
|d vLex
|
| 082 |
|
|
|a 332.1/5/05
|
| 090 |
|
|
|c 1562
|d 1562
|
| 245 |
3 |
0 |
|a Finance & development
|h [Recurso electrn̤ico]
|
| 246 |
3 |
|
|a Finance and development
|
| 246 |
3 |
|
|a Finance and development magazine
|
| 256 |
|
|
|a Servicio en ln̕ea
|
| 260 |
|
|
|a [Washington, :
|b International Monetary Fund and the World Bank, etc.]
|
| 310 |
|
|
|a Trimestral
|
| 506 |
1 |
|
|a Contenido solo disponible en los productos indicados
|d vLex Global
|d vLex Global (Academic Edition, excluding Law Schools)
|d vLex Global (U.S. Academic Edition, Law Schools)
|d vLex Global (U.S. Academic Edition, excluding Law Schools)
|d vLex Global (Academic Edition, Law Schools)
|
| 550 |
|
|
|a "A publication of the International Monetary Fund and the World Bank Group," 1968-Sept. 1975; "... of the International Monetary Fund and the World Bank," Dec. 1975-
|
| 650 |
0 |
4 |
|a Desarrollo econm̤ico
|x Publicaciones perid̤icas
|
| 650 |
0 |
4 |
|a Finanzas
|x Publicaciones perid̤icas
|
| 710 |
2 |
|
|a Fondo Monetario Internacional
|
| 710 |
2 |
|
|a World Bank
|
| 710 |
2 |
|
|a World Bank Group
|
| 740 |
0 |
|
|a vLex Revista (Servicios en ln̕ea)
|
| 740 |
0 |
|
|a vLex Revista (Servicios en ln̕ea)
|
| 740 |
0 |
|
|a vLex Revista (Servicios en ln̕ea)
|
| 740 |
0 |
|
|a vLex Revista (Servicios en ln̕ea)
|
| 740 |
0 |
|
|a vLex Revista (Servicios en ln̕ea)
|
| 843 |
|
|
|a Electrn̤ica. Abierta
|
| 853 |
|
|
|8 1
|i (year)
|j (month)
|k (day)
|
| 856 |
4 |
0 |
|z Acceso restringido
|u http://vlex.com/account/login_ip?fuente_id=2388
|
| 942 |
|
|
|c REV
|